| 000 | 01196cam a22003497a 4500 | ||
|---|---|---|---|
| 003 | CHAP | ||
| 005 | 20220329141843.0 | ||
| 008 | 980305d1978 mx r 00110 spa d | ||
| 010 | _a74819 | ||
| 011 | _a75791 | ||
| 020 | _a9681602765 | ||
| 035 | _a85361 | ||
| 040 | _cCHAP | ||
| 082 | 0 | 4 |
_a330.182 _bF4Y 1975 |
| 100 | 0 | 0 |
_aFerguson, C. E. _940069 |
| 245 | 1 | 0 |
_aTeoría microeconómica _c/por C. E. Ferguson y J. P. Gould |
| 260 | 0 |
_aMéxico, D.F. : _bFondo de Cultura Económica, _c1978. |
|
| 300 |
_a551 p. : _bgráfs. |
||
| 500 | _aTrad. de la 4 ed. en inglés de 1975 | ||
| 590 |
_aBATCH-UPD _b10 _c20130110 _lUCH01 _h1839 |
||
| 590 |
_aBATCH-UPD _b10 _c20130410 _lUCH01 _h1210 |
||
| 590 |
_aBATCH-UPD _b10 _c20130914 _lUCH01 _h1232 |
||
| 590 |
_aCONVERSION _b10 _c20130109 _lUCH01 _h1341 |
||
| 650 | 1 | 4 |
_aEconomía. _935226 |
| 650 | 1 | 4 |
_aMicroeconomía. _975508 |
| 901 | _aBK | ||
| 905 | _aAlejandra Carrasco M. | ||
| 942 | _cLIBRO | ||
| 949 |
_a330.182 F4Y 1975 _bBC _cLIBRO _d33724000905774 _eLIBRO _fc.2 _h17402 _i85361 _si |
||
| 949 |
_a330.182 F4Y 1975 _bBC _cLIBRO _d33724002254868 _eLIBRO _fc.3 _h17401 rep. _i85361 _si |
||
| 949 |
_a330.182 F4Y 1975 _bBC _cLIBRO _d853611 _eLIBRO _h29584 _i85361 _sb |
||
| 999 |
_c74819 _d74819 |
||